Normal view
MARC view
- Special Education-Behaviour
Entry Topical Term
001 - CONTROL NUMBER
- control field: 109
003 - CONTROL NUMBER IDENTIFIER
- control field: JO-AjAnu
005 - DATE AND TIME OF LATEST TRANSACTION
- control field: 20230606070322.0
008 - FIXED-LENGTH DATA ELEMENTS
- fixed length control field: 230606|| aca||aabn | a|a d
040 ## - CATALOGING SOURCE
- Original cataloging agency: JO-AjAnu
- Transcribing agency: JO-AjAnu
150 ## - HEADING--TOPICAL TERM
- Topical term or geographic name entry element: Special Education-Behaviour
670 ## - SOURCE DATA FOUND
- Source citation: Work cat.: (JO-AjAnu)58: Reddy.Lokanadha , Shyamala.V, Kusma.A , Santhakumari.P, author 108, Special Education Series Antisocial Behaviour in Students Detection and Management